Pritúliť sa, ale nie príliš

Bibliographic Details
Main Author: Žuchová, Svetlana, 1976- (Author)
Format: Article
Language:Slovak
ISSN:1336-5584
Subjects:

MARC

LEADER 00000nab a2200000 ar4500
001 vtls008856463
003 SK-MaSNL
005 20260304172150.0
008 061020c2006 xo mr|p|||||||000 b|slo
015 |a SNBRB2006/10  |2 snkbucl 
038 |a SNKBUCL 
040 |a SNKBUCL  |b slo  |c SNKBUCL  |e AACR2 
041 0 |a slo 
044 |a xo  |c SK 
080 |a 82.09:821.111 (73)-31  |2 1997 
080 |a 821.111 (73)-31.09  |2 1997 
080 |a 615.851:82  |2 1997 
100 1 |a Žuchová, Svetlana,  |d 1976-  |4 aut  |9 94245 
245 1 0 |a Pritúliť sa, ale nie príliš  |c Svetlana Žuchová 
600 1 7 |a Yalom, Irvin D.,  |d 1931-  |2 snkbucl  |9 109886 
650 0 7 |a psychoterapia v literatúre  |2 snkbucl  |9 1501331 
773 0 |t Knihy a spoločnosť  |g Tretí ročník, č. 7-8 (2006), s. 19  |x 1336-5584 
852 |a SNK  |b KIS3GCP 
958 |a LX 
958 |a US 
999 |c 2996949  |d 2998879